000 00491nam a2200157 i 4500
001 101250
003 ES-MaACL
005 20230906182845.0
007 t|
008 051017s1948 sp ||||1| spa d
100 1 _aMayoral Fernández, José.
_979428
245 1 0 _aAvila en los viejos y en los nuevos caminos /
_cpor J. Mayoral Fernández.
260 _aAvila :
_b[s.n.],
_c1948 (
_fImp. Vda. Emilio Martín)
300 _a183 p. :
_bil. ;
_c17 cm.
852 _aES-MaACL
_jB-12971
_bR.26781
999 _c101250
_d101250